000 00982cam a22002531i 4500
003 SA-RiAUC
005 20251002065921.0
008 250928q19001999sy g b 00100dara c
040 _aSA-JeALM
_bara
_cSA-RiAUC
_erda
082 0 4 _a210.2
_qSA-RiAUC
090 _a210.2
_bز ح ي
100 1 _aالزحيلي، محمد،
_d1941-
_eمؤلف.
245 1 0 _aمرجع العلوم الإسلامية :
_bتعريفها، تاريخها، أئمتها، علماؤها، مصادرها، كتبها /
_cمحمد الزحيلي.
264 1 _aدمشق :
_bدار المعرفة،
_c[بين 1900 و1999]
300 _a802 صفحة ؛
_c24 سم
336 _aنص
_btxt
_2rdacontent
_3كتاب
337 _aبدون وسيط
_bn
_2rdamedia
338 _aمجلد
_bnc
_2rdacarrier
504 _aببليوجرافية : صفحة 754-769.
650 7 _aالإسلام
_vمتفرقات
_2aucsh
942 _2ddc
_cBOOK
_n0
949 _aSA-JeALM
_d250928
_uosman123
_n1
999 _c12324
_d12324